00697 2200253 4500001002100000005001700021008004100038020001800079020001800097035002500115040001200140082000800152084001600160100001800176245007000194250001000264260003700274300003500311500002900346650002000375850001200395990001800407990001800425YOGYA-0209000003754420150707110038.0 ind  a979-661-077-9 a979-661-077-9 a0010-020900000037544 aYOPDYOG a133 aT 133 Jok M aJOKO DARMAWAN aMerencanakan rumah berdasankan Feng Shui ba Zhai /cJoko Darmawan aCet.1 aSemarangbTrubus Agriwidyac2005 aviii, 88 hlm.:bilus.;c20 cm. aBibliografi : hlm. 86-87 aFeng Shui rumah aYOPDYOG a10460-PD/B.05 a10460-PD/B.05